<?xml version="1.0" encoding="UTF-8"?>
<collection xmlns="http://www.loc.gov/MARC21/slim">
 <record>
  <leader>01094pamaa2200193   4500</leader>
  <controlfield tag="001">0000047232</controlfield>
  <controlfield tag="005">20140428090000.0</controlfield>
  <controlfield tag="008">100610                             eng  </controlfield>
  <datafield tag="020" ind1="0" ind2="0">
   <subfield code="a">9781564149008 (pbk.) </subfield>
  </datafield>
  <datafield tag="090" ind1="0" ind2="0">
   <subfield code="a">PE1479.B87 </subfield>
   <subfield code="b">BEN 2007</subfield>
  </datafield>
  <datafield tag="100" ind1="1" ind2="0">
   <subfield code="a">Benjamin </subfield>
  </datafield>
  <datafield tag="245" ind1="1" ind2="0">
   <subfield code="a">Quick &amp; painless business writing : </subfield>
   <subfield code="b">an essential guide to clear and powerful communication  </subfield>
   <subfield code="c">Susan F. Benjamin.</subfield>
  </datafield>
  <datafield tag="260" ind1="0" ind2="0">
   <subfield code="a">Franklin Lakes, NJ: </subfield>
   <subfield code="b">Career Press, </subfield>
   <subfield code="c">2007.</subfield>
  </datafield>
  <datafield tag="300" ind1=" " ind2=" ">
   <subfield code="a">222 p.; </subfield>
   <subfield code="c">21 cm.</subfield>
  </datafield>
  <datafield tag="500" ind1="0" ind2="0">
   <subfield code="a">Includes index</subfield>
  </datafield>
  <datafield tag="501" ind1="0" ind2="0">
   <subfield code="a">FOBCAL</subfield>
  </datafield>
  <datafield tag="505" ind1="0" ind2="0">
   <subfield code="a">Five no-worry reality checks -- Ouchless nouns -- Noun accomplices : articles, pronouns and adjectives -- Verbs : the power words -- Glue words -- Sentence savvy -- Plain language primer : so what are the big guys afraid of? -- Why the active voice isn't and a few words about being concise -- Reader-focus : bowing to the king and the queen of the universe -- The truth about tone, damn it! -- Seducing, spinning, and sedating : all about structure -- The paragraph : on closer inspection</subfield>
  </datafield>
  <datafield tag="650" ind1="0" ind2="0">
   <subfield code="a">Business writing </subfield>
  </datafield>
  <datafield tag="901" ind1=" " ind2=" ">
   <subfield code="u">http://www.careerpress.com</subfield>
  </datafield>
 </record>
</collection>
